00252nam a2200109Ia 4500008004100000100001500041245003700056260001100093260000900104546001200113999001700125170619s9999 xx 000 0 und d aJain- R.K. 0aAdvanced Engineering Mathematics bNAROSA c2011 aENGLISH c20093d20093